Pymes: la obtención de financiamiento en el mercado de capitales (Registro nro. 18372)

Detalles MARC
000 -LEADER
fixed length control field 00526 a2200145 4500
001 - CONTROL NUMBER
control field ART_42722
005 - DATE AND TIME OF LATEST TRANSACTION
control field 20260410161737.0
008 - FIXED-LENGTH DATA ELEMENTS--GENERAL INFORMATION
fixed length control field 260409a
100 1# - MAIN ENTRY--PERSONAL NAME
Personal name Chapto, Alejandro Miguel
245 10 - TITLE STATEMENT
Title Pymes: la obtención de financiamiento en el mercado de capitales
700 1# - ADDED ENTRY--PERSONAL NAME
Personal name Ferreira, Eitel
700 1# - ADDED ENTRY--PERSONAL NAME
Personal name Szewach, Enrique
700 1# - ADDED ENTRY--PERSONAL NAME
Personal name Garbarsky, Jaime
773 0# - HOST ITEM ENTRY
Title Ejecutivos de finanzas
Related parts Pymes: la obtención de financiamiento en el mercado de capitales - Año 12, Nº 127 (jul. 1996)
Record control number REV2863

No hay ítems disponibles.